000 00862nas a2200289 4500
001 BR9001176
003 BR-BrBNA
005 20231205091834.0
007 ta
008 230509b bl.|||p| |||| 00| 00por d
040 _aBR-BrBNA
_bpor
_cBiblioteca Nacional de Agricultura
041 _a(En)
072 _aF61; F60
100 1 _aLopes, C.F.
100 1 _aAinouz, I.L.
100 1 _aSilva, C.P.
100 1 _aXavier Filho, J.
245 1 _aAcidic proteinases from resting cotyledons of cowpea (Vigna unguiculata)
650 _aFEIJAO DE CORDA
650 _aMETABOLISMO PROTEICO
650 _aPROTEOLISE
650 _aENZIMA
650 _aATIVIDADE ENZIMICA
773 0 _tArquivos de Biologia e Tecnologia (Brazil)
_xISSN 0365-0979
_g(Aug 1989), v. 32(3) p. 507-517
_wBR9001176
909 _a202311
_bLúcia
_c55
_dLúcia Elande
942 _2AGRIS
_n0
_cANA
999 _c127668
_d127668